10 najmniej zalesionych stanów USA - Statystyki

Ogólne statystyki
  • Ten quiz został rozwiązany 20 razy
  • Średni wynik to 4 z 10
Statystyki odpowiedzi
% Stan % Poprawnych
25,6 Arizona
78%
15,9 Nevada
72%
4,78 Kansas
50%
8,43 Iowa
44%
3,20 Nebraska
39%
18,2 Wyoming
33%
21,1 Indiana
28%
1,72 Dakota Północna
22%
3,93 Dakota Południowa
22%
13,6 Illinois
22%
Nie znaleziono quizów pasujących do podanych kryteriów
Rozkład punktacji
Procent ludzi z każdym wynikiem
Percentyl według liczby udzielonych odpowiedzi
Twoja historia wyników
Nie rozwiązałeś tego quizu